Vihreiden europarlamentaarikot - Statistics

Yleistilastot
  • Tätä visaa on pelattu 6 kertaa
  • Keskiarvotulos 11 / 15
Vastaustilastot
Vuosi Edustaja % Oikein
2019-2024 Ville Niinistö
100%
2024-2029 Ville Niinistö
100%
2020-2024 Alviina Alametsä
80%
1995-1996 Heidi Hautala
80%
1996-1999 Heidi Hautala
80%
1999-2003 Heidi Hautala
80%
2009-2011 Heidi Hautala
80%
2014-2019 Heidi Hautala
80%
2019-2024 Heidi Hautala
80%
2004-2009 Satu Hassi
80%
2009-2014 Satu Hassi
80%
2024-2029 Maria Ohisalo
60%
2011-2014 Tarja Cronberg
40%
1999-2004 Matti Wuori
20%
2003-2004 Uma Aaltonen
20%
Ehtoja vastaavia visoja ei löytynyt
Tulosjakauma
Jokaisen tuloksen saaneiden osuus
Persentiili vastausten määrän mukaan
Tuloshistoriasi
Et ole pelannut tätä visaa